000 00420pab a2200157 454500
008 180718b2013 xxu||||| |||| 00| 0 eng d
100 _aSingh, Gursharan
245 _aRashtriya Uchchatar Shiksha Abhiyan (RUSA): Critical review and some suggestion
260 _c2013
300 _ap.124-126, 137.
362 _a30 Sep
650 _aHigher education
773 _aUniversity News
908 _aN
909 _a101539
999 _c101537
_d101537